Normal view
MARC view
- Aziz, Khursheed Kamal,
Entry Personal Name
001 - CONTROL NUMBER
- control field: 96976
003 - CONTROL NUMBER IDENTIFIER
- control field: NUST
005 - DATE AND TIME OF LATEST TRANSACTION
- control field: 20220812120811.0
008 - FIXED-LENGTH DATA ELEMENTS
- fixed length control field: 220812|| aca||aabn | a|a d
040 ## - CATALOGING SOURCE
- Original cataloging agency: NUST
- Transcribing agency: NUST
100 ## - HEADING--PERSONAL NAME
- Personal name: Aziz, Khursheed Kamal,
- Dates associated with a name: 1927-2009
670 ## - SOURCE DATA FOUND
- Source citation: Work cat.: (NUST)0: Aziz, Khursheed Kamal, 1927-2009., World powers and the 1971 breakup of Pakistan /, c2003.
